Statistics for Premier League Winning Nations

Click here to take the quiz!

General Stats

  • This quiz has been taken 730 times
    (676 since last reset)
  • The average score is 29 of 40

Answer Stats

Year First WonNation% Correct
1993England
98%
1993France
96%
2004Spain
96%
2004Germany
94%
2003Argentina
93%
1993Republic of Ireland
93%
2002Brazil
92%
1993Scotland
92%
1993Wales
92%
1998Portugal
91%
1997Netherlands
90%
2012Italy
89%
1993Russia
86%
1999Sweden
85%
2012Belgium
84%
1993Denmark
80%
1995Norway
80%
2013Japan
79%
2004Ivory Coast
78%
2003Northern Ireland
78%
1995Australia
76%
2011Mexico
74%
2007Poland
71%
2002Nigeria
71%
2007South Korea
71%
2005Serbia
70%
2003Uruguay
63%
1998Austria
63%
1997Czech Republic
62%
2002Cameroon
60%
2006Ghana
60%
2002Ukraine
60%
2005Iceland
60%
2009Bulgaria
57%
2012Bosnia & Herzegovina
57%
2011Ecuador
51%
1999Trinidad & Tobago
45%
2012Montenegro
35%
2002Latvia
28%
1998Liberia
23%

Score Distribution

Percentile by Number Answered

Percent of People with Each Score

Your Score History

You have not taken this quiz since the last reset